"C" Capitals - World Map Sudden Death - Statistics

General Stats
  • This quiz has been taken 247 times
    244 since last reset
  • The average score is 5 of 8
Answers on the Grid
Answers color-coded by a green-red scale on the quiz's grid according to % correct below.
 
Answer Stats
Answer % Correct
Caracas, Castries
76%
Chisinau
75%
Canberra
60%
Cotonou
59%
Copenhagen
55%
Cairo
50%
Cape Town
49%
Conakry
40%
No matching quizzes found
Score Distribution
Percent of People with Each Score
Percentile by Number Answered
Your Score History
You have not taken this quiz since the last reset